000 01412cam a2200337 a 4500
001 1890
003 FISKH
005 20260128105350.0
008 040331s2005 nyua jb 011 0 eng
010 _a 2004007189
020 _a9780516248929
020 _a0516251732 (pbk.)
040 _aDLC
_cDLC
_dDLC
_beng
050 0 0 _aCJ1835
_b.H555 2005
082 0 0 _a737.4973
_222
100 1 _aHill, Mary,
_d1977-
245 1 0 _aQuarters /
_cby Mary Hill.
260 _aNew York :
_bScholastic,
_c2005.
300 _a24 pages :
_bcolor illustrations ;
_c16 x 19 cm.
490 1 _aMoney matters
505 _aJ
520 _aWhich president's face is on both a quarter and a dollar bill? How do you know where the money you spend is minted or printed? Bank on this new series to provide kids with a common "cents" point of view on all kinds of money matters - what coins are made of, what all those symbols mean, and how to save or spend it.
521 8 _a470
_bLexile
521 8 _aJ
_bRaz-Plus
650 0 _aQuarter-dollar
_vJuvenile literature.
800 1 _aHill, Mary,
_d1977-
_tMoney matters.
856 4 1 _3Table of contents
_uhttp://www.loc.gov/catdir/toc/ecip0416/2004007189.html
906 _a7
_bcbc
_corignew
_d1
_eecip
_f20
_gy-gencatlg
942 _2ddc
_cBK
_n0
999 _c1890
_d1890